[Event "SVK-chT1E 0001"]
[Site "Slovakia"]
[Date "2001.??.??"]
[Round "7"]
[White "Karnik, Pavel"]
[Black "Olsar, Jaroslav"]
[Result "0-1"]
[WhiteElo "2358"]
[BlackElo "2334"]
[PlyCount "92"]
[EventDate "2000.??.??"]
[EventType "team"]
[EventRounds "11"]
[EventCountry "SVK"]
[SourceTitle "EXT 2002"]
[Source "ChessBase"]
[SourceDate "2001.11.25"]
[SourceVersion "1"]
[SourceVersionDate "2001.11.25"]
[SourceQuality "1"]

1. d4 Nf6 2. Bg5 c5 3. d5 Qb6 4. Nc3 Qxb2 5. Bd2 Qb6 6. e4 d6 7. f4 g6 8. Bb5+ Bd7 9. Be2 Bg7 10. e5 Ng8 11. Rb1 Qc7 12. Nb5 Bxb5 13. Bxb5+ Kf8 14. Qe2 dxe5 15. Nf3 e4 16. Ng5 h6 17. Nxe4 Nf6 18. Bc4 Nbd7 19. 0-0 Rd8 20. Ng3 Nb6 21. f5 Nxc4 22. Qxc4 g5 23. Bc3 h5 24. Bxf6 Bxf6 25. Ne4 Kg7 26. Nxf6 exf6 27. Rbd1 Rhe8 28. Rf3 Re5 29. Rfd3 Rd6 30. R3d2 b6 31. Qf1 Qd7 32. c4 Qxf5 33. Rf2 Qe4 34. g3 h4 35. Qh3 Qxc4 36. gxh4 g4 37. Qg3 Rdxd5 38. Rdf1 f5 39. h5 Qd4 40. Qh4 Qe3 41. Kg2 Qe4+ 42. Kg1 Qe3 43. Kg2 Rd2 44. h6+ Kh7 45. Qf6 Rxf2+ 46. Rxf2 Qh3+ 0-1

[Event "Tatry op"]
[Site "Tatranske Zruby"]
[Date "2000.10.13"]
[Round "7"]
[White "Karnik, Pavel"]
[Black "Manik, Mikulas"]
[Result "1/2-1/2"]
[WhiteElo "2341"]
[BlackElo "2425"]
[PlyCount "99"]
[EventDate "2000.10.07"]
[EventType "swiss"]
[EventRounds "9"]
[EventCountry "SVK"]
[SourceTitle "EXT 2001"]
[Source "ChessBase"]
[SourceDate "2000.11.22"]
[SourceVersion "1"]
[SourceVersionDate "2000.11.22"]
[SourceQuality "1"]

1. d4 Nf6 2. Nf3 g6 3. g3 Bg7 4. Bg2 0-0 5. 0-0 d6 6. c4 Nbd7 7. Nc3 e5 8. e4 exd4 9. Nxd4 Re8 10. h3 a6 11. Re1 Rb8 12. Rb1 c6 13. Be3 Qe7 14. f4 Nc5 15. Bf2 Qf8 16. Qc2 Be6 17. b3 a5 18. g4 Bc8 19. Rbd1 h5 20. g5 Nh7 21. Bg3 Bd7 22. a3 Rbd8 23. b4 axb4 24. axb4 Na6 25. Qb1 Nxb4 26. Qxb4 Bxd4+ 27. Rxd4 c5 28. Qb6 cxd4 29. Qxd4 Bc6 30. h4 Qg7 31. Qd3 Nf8 32. Nd5 Nd7 33. Bf2 Bxd5 34. cxd5 Ra8 35. Bd4 Qf8 36. Bb2 Nc5 37. Qd4 Kh7 38. f5 Ra4 39. Qc3 Nxe4 40. Qc2 Nc5 41. Rf1 Qe7 42. Qc3 Qe5 43. fxg6+ fxg6 44. Qf3 Qxb2 45. Qf7+ Qg7 46. Qxe8 Ra1 47. Qe3 Rxf1+ 48. Bxf1 Qe5 49. Qxe5 dxe5 50. d6 1/2-1/2

[Event "Tatry op"]
[Site "Tatranske Zruby"]
[Date "2000.10.12"]
[Round "6"]
[White "Karnik, Pavel"]
[Black "Furman, Boris"]
[Result "1-0"]
[WhiteElo "2341"]
[BlackElo "2261"]
[PlyCount "103"]
[EventDate "2000.10.07"]
[EventType "swiss"]
[EventRounds "9"]
[EventCountry "SVK"]
[SourceTitle "EXT 2001"]
[Source "ChessBase"]
[SourceDate "2000.11.22"]
[SourceVersion "1"]
[SourceVersionDate "2000.11.22"]
[SourceQuality "1"]

1. e4 c5 2. Nf3 Nc6 3. Bb5 g6 4. 0-0 Bg7 5. c3 Nf6 6. Re1 0-0 7. d4 cxd4 8. cxd4 d5 9. e5 Ne4 10. Nc3 Bf5 11. h3 h6 12. g4 Be6 13. Bd3 Qb6 14. Be3 Ng5 15. Nxg5 hxg5 16. Na4 Qd8 17. Nc5 Bc8 18. Rc1 Qe8 19. Bxg5 Nxd4 20. Bxg6 fxg6 21. Qxd4 Qf7 22. Nd3 e6 23. Rc3 b6 24. Rec1 Ba6 25. Rc7 Qf3 26. Nf4 Rac8 27. R1c3 Qe4 28. Qxe4 dxe4 29. Rxg7+ Kxg7 30. Nxe6+ Kf7 31. Nxf8 Rxc3 32. e6+ Kxf8 33. bxc3 Bc4 34. e7+ Kf7 35. a3 Be2 36. Kh2 b5 37. Kg3 Bf1 38. h4 Be2 39. Kf4 Bf3 40. Bf6 Bd1 41. Kg5 Bc2 42. Kh6 a5 43. h5 gxh5 44. gxh5 Bd1 45. Kg5 Bc2 46. h6 e3 47. fxe3 a4 48. Kf4 Bh7 49. Ke5 Ke8 50. Bg5 Kf7 51. Kd6 Ke8 52. Kc6 1-0

[Event "Tatry op"]
[Site "Tatranske Zruby"]
[Date "2000.10.08"]
[Round "2"]
[White "Lednicky, Martin"]
[Black "Karnik, Pavel"]
[Result "0-1"]
[WhiteElo "2159"]
[BlackElo "2341"]
[PlyCount "84"]
[EventDate "2000.10.07"]
[EventType "swiss"]
[EventRounds "9"]
[EventCountry "SVK"]
[SourceTitle "EXT 2001"]
[Source "ChessBase"]
[SourceDate "2000.11.22"]
[SourceVersion "1"]
[SourceVersionDate "2000.11.22"]
[SourceQuality "1"]

1. e4 d5 2. exd5 Qxd5 3. Nc3 Qa5 4. d4 Nf6 5. Nf3 Bg4 6. Bc4 Nc6 7. h3 Qh5 8. Be2 0-0-0 9. 0-0 e5 10. hxg4 Nxg4 11. d5 Nd4 12. Re1 Bc5 13. Be3 f5 14. Bc4 Rd6 15. Bxd4 Rh6 16. Kf1 exd4 17. Na4 d3 18. Qxd3 Bxf2 19. Ke2 Re8+ 20. Kd2 Bxe1+ 21. Rxe1 Rxe1 22. Kxe1 Qe8+ 23. Kd2 Qxa4 24. Qxf5+ Qd7 25. Qf8+ Qd8 26. Qf5+ Kb8 27. Qxg4 Rg6 28. Qh3 c6 29. Qh2+ Ka8 30. Bd3 Qxd5 31. Qh3 a6 32. a3 Qd6 33. g4 Qf4+ 34. Ke2 Rxg4 35. Bxh7 Rg3 36. Qh1 Qg4 37. Bd3 Rh3 38. Qf1 g5 39. Qf2 Qh5 40. b3 g4 41. Ne1 Rh2 42. Ng2 g3+ 0-1

[Event "SVK-chT2E 9900"]
[Site "Slovakia"]
[Date "2000.??.??"]
[Round "?"]
[White "Karnik, Pavel"]
[Black "Kantorik, Marian"]
[Result "1/2-1/2"]
[WhiteElo "2309"]
[BlackElo "2327"]
[PlyCount "97"]
[EventDate "1999.??.??"]
[EventType "team"]
[EventRounds "9"]
[EventCountry "SVK"]
[SourceTitle "EXT 2001"]
[Source "ChessBase"]
[SourceDate "2000.11.22"]
[SourceVersion "1"]
[SourceVersionDate "2000.11.22"]
[SourceQuality "1"]

1. d4 d5 2. Nf3 Nf6 3. g3 Bf5 4. Bg2 e6 5. c4 c6 6. 0-0 h6 7. Nbd2 Nbd7 8. b3 Be7 9. Bb2 0-0 10. Ne5 Nxe5 11. dxe5 Nd7 12. e4 dxe4 13. Nxe4 Bxe4 14. Bxe4 Nc5 15. Bc2 Qxd1 16. Rfxd1 Rfd8 17. Kf1 Kf8 18. Ke2 Ke8 19. f4 Rxd1 20. Rxd1 Rd8 21. Rxd8+ Kxd8 22. g4 Nd7 23. Kf3 Bc5 24. h4 Ke7 25. h5 Bb4 26. Ke2 Bc5 27. Be4 Bg1 28. Ba3+ Ke8 29. Bb2 Kf8 30. b4 Ke7 31. Kf3 Kf8 32. Ba3 Ke8 33. Bb2 Ke7 34. Bc2 Nb6 35. Bb3 Nd7 36. Ke4 Bf2 37. g5 Be1 38. gxh6 gxh6 39. Ba3 f5+ 40. Kd3 Bf2 41. Bd1 c5 42. b5 b6 43. Bc1 Kd8 44. Bf3 Kc7 45. Ke2 Bh4 46. Bd2 Be7 47. Be1 Bd8 48. Bc6 Be7 49. a4 1/2-1/2

[Event "CZE-chTV 9900"]
[Site "Czech Republic"]
[Date "2000.??.??"]
[Round "?"]
[White "Krnavek, Lubomir"]
[Black "Karnik, Pavel"]
[Result "0-1"]
[WhiteElo "2330"]
[BlackElo "2309"]
[PlyCount "82"]
[EventDate "1999.??.??"]
[EventType "team"]
[EventRounds "11"]
[EventCountry "CZE"]
[SourceTitle "EXT 2002"]
[Source "ChessBase"]
[SourceDate "2001.11.25"]
[SourceVersion "1"]
[SourceVersionDate "2001.11.25"]
[SourceQuality "1"]

1. d4 Nf6 2. c4 g6 3. Nc3 Bg7 4. e4 d6 5. Nf3 0-0 6. Be2 e5 7. d5 a5 8. Bg5 h6 9. Bh4 Na6 10. Nd2 Nc5 11. 0-0 Bd7 12. b3 Qe8 13. a3 Nh7 14. f3 h5 15. Rb1 Bh6 16. Bf2 f5 17. Qc2 Qe7 18. b4 axb4 19. axb4 Na4 20. Nb5 Bxb5 21. cxb5 Nb6 22. Bd3 Bxd2 23. Qxd2 f4 24. Rfc1 g5 25. Rb3 Nf6 26. Rbc3 Ne8 27. Be2 Rf7 28. Kh1 Rg7 29. g3 Nd7 30. Rg1 b6 31. Qc2 fxg3 32. Bxg3 Ndf6 33. h4 g4 34. Re3 gxf3 35. Bxf3 Ng4 36. Rc3 Qd7 37. Qe2 Ra4 38. Be1 Ra1 39. Qb2 Rxe1 40. Rxe1 Qe7 41. Bxg4 Qxh4+ 0-1